Quizzes
Events
Quiz Creation
Community
Videos
Private Events
Remove Ads
Sign In
Join for FREE
Feedback
Dark Mode
Quiz Categories
Sports
Geography
Music
Movies
Television
Just For Fun
Miscellaneous
History
Literature
Language
Science
Gaming
Entertainment
Religion
Holiday
For Kids
Quiz Lab
Recent
Popular Today
Quiz Kudos Today
Editor Picks
Curator Picks
Quizzes by...
Day
Popularity
Type
Ratings
Length
Year
Community
Subscriptions
Recent Discussions
Orange Saloon
Badges
Playlists
Quests
Create
Leaderboards
Showdown
Live 5
Trivia Bingo
Activity
Puzzle Library
Sporcle Events
Private Events
Virtual Trivia
Globe League
Become a Host
Pub Owners
SporcleCon
Opinionation
Our Games
Videos
Blog
Mobile Apps
Partnerships
Remove Ads and Go Orange
Feedback
Geography
Country
Landmarks
City
State
Population
World
Capital
Continent
Flags
Europe
Africa
Asia
South America
North America
Oceania
Border
Canada
United Kingdom
Topography
United States
Geography
Country
Landmarks
City
State
Population
World
Capital
Continent
Flags
Europe
Africa
Asia
South America
North America
Oceania
Border
Canada
United Kingdom
Topography
United States
Random Quiz
Search Sporcle
×
Quiz Lab
Quiz Lab
Geography
Population
Type in answers that appear in a list
Type in answers that appear in a list
Classic
Best Score? Go Orange.
Metro Areas by population Stats
Can you name the largest agglomerations of the world by population?
By
Angelooo
15m
200 Questions
180 Plays
180 Plays
180 Plays
Comments
Comments
Give Quiz Kudos
Give Quiz Kudos
-
- Ratings
hide this ad
Replay
Link that replays current quiz
Next Quiz
Link to next quiz in quiz playlist
You Got
0%
They Got
Avg Score
56%
Avg Friend Score
Upgrade to see
Score Distribution
Jump to the score distribution portion of the page
Score
0/200
Timer
15:00
0
Plays Today
rank
Metro Area
% Correct
7
NewYork
97.8%
1
Tokyo
97.2%
11
LosAngeles
97.2%
24
London
95.6%
26
Paris
95%
4
MexicoCity
93.9%
80
Berlin
92.8%
47
Dallas
92.2%
55
Houston
92.2%
17
Beijing
91.7%
5
Delhi
91.1%
16
Cairo
91.1%
19
Moscow
91.1%
27
Chicago
91.1%
42
SanFrancisco
91.1%
105
Rome
91.1%
62
Miami
90.6%
6
Mumbai
90%
12
Osaka
88.9%
15
Jakarta
88.9%
23
RioDeJaneiro
88.3%
21
Istanbul
87.8%
22
Tehran
87.8%
10
Shanghai
87.2%
82
Barcelona
87.2%
3
Seoul
86.7%
8
SaoPaulo
86.7%
20
BuenosAires
86.7%
49
Madrid
86.7%
40
Johannesburg
86.1%
37
Washington
86.1%
51
Philadelphia
86.1%
57
Boston
86.1%
69
StPetersburg
85.6%
58
Toronto
85%
76
Sydney
85%
87
Seattle
85%
130
SanDiego
83.9%
46
Baghdad
83.3%
33
Bogota
82.8%
59
Atlanta
82.2%
79
Phoenix
82.2%
95
Athens
82.2%
103
Milan
82.2%
9
Manila
81.7%
14
Karachi
81.1%
29
Lima
81.1%
32
Bangkok
81.1%
52
Santiago
81.1%
89
Melbourne
81.1%
96
CapeTown
81.1%
43
HongKong
80.6%
97
Montreal
80%
25
Lagos
79.4%
175
Vancouver
79.4%
88
Ankara
77.8%
61
Detroit
77.2%
81
Caracas
77.2%
65
Singapore
75.6%
158
Manchester
75%
18
Dhaka
74.4%
106
Nairobi
73.9%
63
Riyadh
73.3%
89
Casablanca
73.3%
139
St.Louis
73.3%
190
Warsaw
72.8%
110
Kiev
72.2%
rank
Metro Area
% Correct
185
TelAviv
71.7%
50
HoChiMinhCity
71.1%
138
Denver
71.1%
13
Kolkata
70%
149
Hanoi
70%
155
Birmingham
70%
75
Alexandria
69.4%
93
Brasilia
69.4%
109
Minneapolis
69.4%
124
Algiers
69.4%
31
Kinshasa
68.9%
2
Guangzhou
68.3%
163
Lisbon
67.8%
34
Lahore
67.2%
186
Portland
67.2%
121
Rawalpindi
66.7%
146
Tampa
66.7%
66
KualaLumpur
66.1%
129
Naples
66.1%
45
Taipei
65.6%
154
Pyongyang
65.6%
73
Guadalajara
65%
135
Kabul
65%
188
Havana
65%
144
Cleveland
64.4%
178
Tunis
63.3%
64
Khartoum
62.8%
180
Budapest
62.8%
157
Hamburg
62.2%
84
Monterrey
61.7%
39
Bangalore
61.1%
102
Accra
60.6%
176
Pittsburgh
60.6%
38
Chennai
59.4%
148
Damascus
58.3%
153
Orlando
58.3%
71
Ruhr
55.6%
152
Dakar
55.6%
54
BeloHorizonte
55%
126
AddisAbaba
55%
198
Cincinnati
55%
166
Pretoria
53.9%
128
Luanda
53.3%
56
Xian
52.8%
41
Hyderabad
52.2%
101
Durban
51.7%
36
Tianjin
50.6%
120
DarEsSalaam
50.6%
92
Recife
50%
99
Busan
50%
30
Wuhan
49.4%
85
PortoAlegre
49.4%
162
Colombo
47.8%
182
Sacramento
47.8%
77
Abidjan
46.7%
134
GuatemalaCity
46.7%
132
Amman
46.7%
70
Yangon
46.1%
118
SantoDomingo
46.1%
104
Medellin
45.6%
115
Jiddah
45.6%
168
Tashkent
45.6%
159
Port-au-Prince
44.4%
53
Ahmedabad
43.9%
35
Nagoya
43.3%
167
Sapporo
42.2%
28
Shenzhen
41.7%
rank
Metro Area
% Correct
48
Chongqing
41.7%
68
Nanjing
41.1%
91
Salvador
41.1%
78
Harbin
40%
67
Pune
39.4%
98
Fortaleza
38.9%
189
Leeds
38.3%
183
Guayaquil
37.8%
200
Sanaa
37.8%
145
Cali
37.2%
196
Asuncion
37.2%
114
Kano
36.7%
147
SanJuan
36.7%
181
Harare
36.7%
72
Chittagong
36.1%
137
Izmir
36.1%
112
Ibadan
34.4%
170
Katowice
33.9%
136
Aleppo
33.3%
60
Chengdu
32.8%
119
Bandung
32.2%
192
Belem
32.2%
111
Curitiba
31.7%
131
Surabaya
31.1%
172
Fukuoka
31.1%
193
Douala
31.1%
116
Faisalabad
30.6%
117
Jaipur
30%
44
Shenyang
28.9%
83
Surat
27.8%
151
Medan
27.8%
174
Urumqi
27.2%
86
Hangzhou
26.7%
94
Qingdao
25.6%
133
Lucknow
25%
156
Daegu
25%
107
Dalian
23.3%
150
Mashhad
23.3%
171
Cebu
22.8%
100
Kanpur
21.7%
127
Fuzhou
21.7%
141
Nagpur
21.7%
123
Kunming
19.4%
142
Kaohsiung
18.9%
140
Campinas
17.2%
143
Changsha
17.2%
191
Wuxi
16.1%
125
Zhengzhou
15.6%
165
Patna
15.6%
177
Lanzhou
15.6%
113
Jinan
15%
169
Zibo
14.4%
74
Shantou
13.9%
122
Taiyuan
13.9%
179
Anshan
13.9%
160
Shijiazhuang
13.3%
187
Hefei
13.3%
199
Goiania
13.3%
108
Changchun
12.8%
164
Suzhou
11.7%
173
Guiyang
11.1%
161
Wenzhou
9.4%
184
Taichung
8.9%
194
Nanchang
8.3%
197
Bhilai
6.7%
195
Quanzhou
6.1%
Quiz Playlist
Details
Report
Send in Message
Add To Playlist
Classic:
Type in answers that appear in a list
Quiz Source
Last Updated: Feb 16, 2017
Quiz Scoreboard
CHALLENGE
Sign Up to Join the Scoreboard
Show All
Scores
Hide
Comments
May contain spoilers
Recently Published
Presidents Visiting Landmarks
by Hejman
History
7m
An Introduction to Baseball
by treessimontrees
Sports
5m
Movies - When Are They Set?
by FPL_Elf
Movies
5m
More to Explore
Quiz From the Vault
Featured Blog Post
Where Did the Easter Bunny Come From?
hide this ad
You Might Also Like...
Tags
Population Quiz
World Quiz
Agglomeration
largest
Today's Top Quizzes in Geography
Browse Geography
hide this ad
Today's Top Quizzes in Population
Browse Population
Top Contributed Quizzes in Geography
1
Countries of the World - No Outlines Minefield
2
Top 25 Cities of France on a map
3
Any capital of a 'B' country per Continent
4
Closest Countries to UK A-Z
5
One Thing in Common: United Kingdom
6
Any capital of a 'C' country per Continent
7
Find the Provinces of Canada - No Outlines Minefield
8
Any capital of a 'D' country per Continent
9
Find the US States - No Outlines
10
Blind Secret Country CLXXXVIII
Explore More
Trending Topics
NBA
Harry Potter
Disney
Anime
Crossword
Marvel
Kpop
WWE
Soccer
Song
The Office
NFL
Puzzle
Pokémon
Country
hide this ad
More By:
Angelooo
Quiz
Plays
Rating
Category
Featured
Created
Cycling ranking 2009
2,261
3.67
Sports
Mar 15, 2010
Goalkeepers of the FIFA WorldCup 1998
1,202
3.14
Sports
Feb 10, 2010
FIFA World Cup Champions (the players)
924
4.44
Sports
Mar 3, 2010
Host Cities for FIFA World Cup ever
762
4.33
Geography
Aug 3, 2010
FIFA World Cup 2006 quarterfinalists
711
4.00
Sports
Jan 29, 2010
Go to Creator's Profile
Score Distribution
Quiz Creator Spotlight
Angelooo
Follow
Send a Message
Quizzes Created
-
Created Quiz Play Count
-
More By This Creator
Popular Quizzes Today
1
Find the US States - No Outlines Minefield
2
Find the Countries of Europe - No Outlines Minefield
3
The Countries of the World
4
Find the US States
5
Popular People in 1961
6
US States
7
Risky Map Clicking: Biggest States A-Z
8
1-10 Letter E Words III
More Geography Quizzes
300 Largest US cities in 2020 (Census)
Curator's Pick
Trending Quizzes
Risky Map Clicking: Least Populous States A-Z
1-10 Letter G Words
1-10 Letter F Words
One Thing in Common: United Kingdom
Risky Map Clicking: Next State Alphabetically
Recently Updated
Leaping Animals
pecheneg
Reality TV Shows (A-Z)
bhenderson79
Rickey Henderson's Hall of Fame Teammates
pecheneg
Champions League XIs: Arsenal
pecheneg
Quick Pick: Celebrities in WWE's Hall of Fame
aduchscher
A-Z Keypad Blitz II
pecheneg
Multiple Oscar Actors
pecheneg
Mystery Phrase Blitz: Oscar 'Best Actors'
pecheneg
F. Scott Fitzgerald Novels
LTH
Pick 3 Villains
ddd62291
Trending Topics
Anime
Harry Potter
Kpop
Crossword
Marvel
NBA
Disney
NFL
Pokémon
Song
The Office
Country
Puzzle
Soccer
WWE
Your Account Isn't Verified!
In order to create a playlist on Sporcle, you need to verify the email address you used during registration. Go to your
Sporcle Settings
to finish the process.
Report this User
Report this user for behavior that violates our
Community Guidelines
.
Details:
Send Report
Go to the Sporcle.com Mobile Site →
Comments